Nicaragua's economy: the dilemmas of a revolution at war /

sin resumen

Guardado en:
Bibliografiske detaljer
Hovedforfatter: Ryan, Phil
Format: Texto
Tags: Tilføj Tag
Ingen Tags, Vær først til at tagge denne postø!

MARC

LEADER 00000 a a2200000 04500
001 10420
003
040
100 |a Ryan, Phil  
245 |a Nicaragua's economy: the dilemmas of a revolution at war /  |c Phil cRyan 
520 |a sin resumen  
773 |g volumen 11, número 22; páginas 37-58  
999 |c 39907  |d 39907